McKeachie's teaching tips : (Record no. 275942)
[ view plain ]
| 000 -LEADER | |
|---|---|
| fixed length control field | 00922nam a22002290 4500 |
| 005 - DATE AND TIME OF LATEST TRANSACTION | |
| control field | 20140929160941.0 |
| 008 - FIXED-LENGTH DATA ELEMENTS--GENERAL INFORMATION | |
| fixed length control field | 000616s2014 at eng |
| 020 ## - INTERNATIONAL STANDARD BOOK NUMBER | |
| International Standard Book Number | 9781133940555 |
| 050 00 - LIBRARY OF CONGRESS CALL NUMBER | |
| Classification number | LB 1738.M3 |
| Item number | .Sv969 2014 |
| 100 1# - MAIN ENTRY--PERSONAL NAME | |
| Personal name | Svinicki, Marilla D., |
| Dates associated with a name | 1946- |
| 245 10 - TITLE STATEMENT | |
| Title | McKeachie's teaching tips : |
| Remainder of title | strategies, research, and theory for college and university teachers / |
| Statement of responsibility, etc | Marilla Svinicki and Wilbert J. McKeachie ; with chapters by David Nicol ... [et al.]. |
| 250 ## - EDITION STATEMENT | |
| Edition statement | Fourteenth edition, International edition. |
| 260 ## - PUBLICATION, DISTRIBUTION, ETC. (IMPRINT) | |
| Place of publication, distribution, etc | Australia : |
| Name of publisher, distributor, etc | Wadsworth/Cengage Learning, |
| Date of publication, distribution, etc | [2014] |
| 300 ## - PHYSICAL DESCRIPTION | |
| Extent | xxiii, 392 pages : |
| Other physical details | illustrations ; |
| Dimensions | 21 cm. |
| 500 ## - GENERAL NOTE | |
| General note | Previously entered under: McKeachie, Wilbert James. |
| 650 #0 - SUBJECT ADDED ENTRY--TOPICAL TERM | |
| Topical term or geographic name as entry element | College teaching. |
| 650 #0 - SUBJECT ADDED ENTRY--TOPICAL TERM | |
| Topical term or geographic name as entry element | First year teachers. |
| 700 1# - ADDED ENTRY--PERSONAL NAME | |
| Personal name | McKeachie, Wilbert James, |
| Dates associated with a name | 1921- |
| 700 1# - ADDED ENTRY--PERSONAL NAME | |
| Personal name | Nicol, David. |
| 740 0# - ADDED ENTRY--UNCONTROLLED RELATED/ANALYTICAL TITLE | |
| Uncontrolled related/analytical title | Teaching tips. |
| 942 ## - ADDED ENTRY ELEMENTS (KOHA) | |
| Source of classification or shelving scheme | Library of Congress Classification |
| Koha item type | Books |
| Call number prefix | Foreign |
| Withdrawn status | Lost status | Source of classification or shelving scheme | Damaged status | Home library | Current library | Shelving location | Date acquired | Source of acquisition | Cost, normal purchase price | Total Checkouts | Full call number | Barcode | Date last seen | Price effective from | Koha item type |
|---|---|---|---|---|---|---|---|---|---|---|---|---|---|---|---|
| Library of Congress Classification | College Library | College Library | Reserve Section | 09/29/2014 | Library Fund | 4996.00 | LB 1738.M3 .Sv969 2014 | C18733 | 05/15/2018 | 09/29/2014 | Books |